Демократия участия как основной принцип формирования поля публичности (на примере регионального ТВ); Вестник Томского государственного университета; № 319
| Parent link: | Вестник Томского государственного университета/ Национальный исследовательский Томский государственный университет (ТГУ).— , 1998- № 319.— 2009.— [С. 43-49] |
|---|---|
| Egile nagusia: | |
| Erakunde egilea: | |
| Beste egile batzuk: | |
| Gaia: | Заглавие с экрана В данной работе автор ищет ответ на вопрос, в чем заключается кризис политико-аналитических программ на региональном ТВ? На материалах исследования, проведенного автором среди политиков, ученых и журналистов, построены ответы на поставленный вопрос, очерчены границы публичной и приватной сфер, дана оценка состояния поля публичности на региональном ТВ. Режим доступа: по договору с организацией-держателем ресурса |
| Hizkuntza: | errusiera |
| Argitaratua: |
2009
|
| Gaiak: | |
| Sarrera elektronikoa: | http://elibrary.ru/item.asp?id=13418458 |
| Formatua: | MixedMaterials Baliabide elektronikoa Liburu kapitulua |
| KOHA link: | https://koha.lib.tpu.ru/cgi-bin/koha/opac-detail.pl?biblionumber=637242 |
MARC
| LEADER | 00000nla0a2200000 4500 | ||
|---|---|---|---|
| 001 | 637242 | ||
| 005 | 20250416092626.0 | ||
| 035 | |a (RuTPU)RU\TPU\network\1340 | ||
| 090 | |a 637242 | ||
| 100 | |a 20140610d2009 k||y0rusy50 ca | ||
| 101 | 0 | |a rus | |
| 102 | |a RU | ||
| 135 | |a drcn ---uucaa | ||
| 181 | 0 | |a i | |
| 182 | 0 | |a b | |
| 200 | 1 | |a Демократия участия как основной принцип формирования поля публичности (на примере регионального ТВ) |f Н. В. Поправко, А. Ю. Карпова | |
| 203 | |a Текст |c электронный | ||
| 300 | |a Заглавие с экрана | ||
| 320 | |a [Библиогр.: с. 49 (2 назв.)] | ||
| 330 | |a В данной работе автор ищет ответ на вопрос, в чем заключается кризис политико-аналитических программ на региональном ТВ? На материалах исследования, проведенного автором среди политиков, ученых и журналистов, построены ответы на поставленный вопрос, очерчены границы публичной и приватной сфер, дана оценка состояния поля публичности на региональном ТВ. | ||
| 333 | |a Режим доступа: по договору с организацией-держателем ресурса | ||
| 461 | |t Вестник Томского государственного университета |f Национальный исследовательский Томский государственный университет (ТГУ) |d 1998- | ||
| 463 | |t № 319 |v [С. 43-49] |d 2009 | ||
| 610 | 1 | |a электронный ресурс | |
| 610 | 1 | |a труды учёных ТПУ | |
| 610 | 1 | |a демократия | |
| 610 | 1 | |a участие | |
| 610 | 1 | |a публичная сфера | |
| 610 | 1 | |a полиархия | |
| 610 | 1 | |a информационные киллеры | |
| 610 | 1 | |a информационный рынок | |
| 610 | 1 | |a информация | |
| 610 | 1 | |a дефицит | |
| 610 | 1 | |a политические дискуссии | |
| 610 | 1 | |a общегражданские интересы | |
| 700 | 1 | |a Поправко |b Н. В. |g Николай Васильевич | |
| 701 | 1 | |a Карпова |b А. Ю. |c философ |c профессор Томского политехнического университета, доктор социологических наук |f 1968- |g Анна Юрьевна |3 (RuTPU)RU\TPU\pers\30249 |9 14626 | |
| 712 | 0 | 2 | |a Национальный исследовательский Томский политехнический университет (ТПУ) |c (2009- ) |3 (RuTPU)RU\TPU\col\15902 |
| 801 | 2 | |a RU |b 63413507 |c 20140610 |g RCR | |
| 850 | |a 63413507 | ||
| 856 | 4 | |u http://elibrary.ru/item.asp?id=13418458 | |
| 942 | |c CF | ||